00461cam a22001334a 4500020003500000041000800035082001500043245007800058260005900136300001600195650003900211700001900250856005800269 a0802826903 (pbk. : alk. paper) aENG00a234.7bSTU04aThe Gospel of justification in Christ: Where Does the church stand today? aGrand Rapids, Mich. :bW.B. Eerdmans Pub. Co.,cc2006. ax, 182 p. ; 0aJustification (Christian theology)1 aStumme, Wayne,41uhttp://www.loc.gov/catdir/toc/ecip064/2005033664.html